1423 1680 1176 1778 1467 1524 1133 1342 1895 1575 1339 1623 1092 1160 1416 1129 1237 1625 1871 1627 1690 1548 1185 1331 1363 1078 1107 1656 1962 1015 1965 1217 1954 1616 1244 1161 1394 1758 1600 1659 1995 1666 1439 1302 1137 1778 1463 1305 1837 1240 1163 1015 1110 1136 1861 1674 1533 1958 1662 1372 1578 1902 1145 1456 1126 1063 1097 1847 1852 1919 1779 1569 1933 1283 1786 1393 1806 1404 1501 1934 1556 1917 1076 1862 1747 1642 1374 1838 1737 1901 1777 1886 1588 1533 1150 1716 1464 1360 1396 BCNSPRNW ULIB Ver.6.0+V

เปลี่ยนเป็นภาษาไทย

Change to English
 แสดงรายละเอียดบรรณานุกรม
  กลับหน้าหลัก

Brief Record : Get Marc (ISO 2709) : E-mail record : QR code < ปิดหน้าต่าง
LEADER : 00000nam 2200000uu 4500
001    13399127784
003     ULIB
008    210824s2563||||th 000 0 tha d
020 0  ^a9789740339380
060 ^a ^aWF26^bข171ก
100 ^a ^aขวัญฤทัย พันธุ
245 ^a ^aการดูแลผู้ป่วยที่ใช้เครื่องช่วยหายใจ /^cโดยขวัญฤทัย พันธุ
250    ^aพิมพ์ครั้งที่ 3
260 ^a ^aกรุงเทพฯ :^สำนักพิมพ์จุฬาลงกรณ์มหาวิทยาลัย,^c2563
300    ^a178 หน้า :^bภาพประกอบ, ตาราง
504    ^aมีบรรณานุกรมและดัชนีประกอบ
650  2 ^aAirway Extubation
650  2 ^aIntubation, Intratracheal
650  2 ^aOxygen Inhalation Therapy
650  2 ^aVentilators, Mechani
650  0 ^aเครื่องช่วยหายใจ
650  0 ^aทางเดินหายใจ
945    ^p210^l0^i008167
945    ^p210^l0^i008168
945    ^p210^l0^i008169
945    ^p210^l0^i008170
945    ^p210^l0^i008171
945    ^p210^l0^i008172
945    ^p210^l0^i008173
945    ^p210^l0^i008174
945    ^p210^l0^i008175
945    ^p210^l0^i008176
999    ^aประนอม เกษจรัล
รายการนี้ยังไม่มีแท็ก
คุณยังไม่ได้ล็อกอิน คุณสามารถมีกิจกรรมร่วมกับเว็บไซต์ได้ แต่ต้องล็อกอินก่อน ::
  ล็อกอิน

รายการสื่อสารสนเทศ

ลำดับที่ ประเภท เลขเรียก/บาร์โค้ด สถานที่ สถานะ
1. วิทยาศาสตร์การแพทย์ และสุขภาพ
หนังสือสำรอง
สถานะ=หนังสือสำรอง
WF26 ข171ก ฉ.1 
  Barcode: 008167
ห้องสมุดวิทยาเขตสวรรค์ประชารักษ์
►หนังสือทั่วไป
บนชั้น
2. วิทยาศาสตร์การแพทย์ และสุขภาพ
วิทยาศาสตร์การแพทย์ และสุขภาพ
WF26 ข171ก ฉ.10 
  Barcode: 008176
ห้องสมุดวิทยาเขตสวรรค์ประชารักษ์
►หนังสือทั่วไป
บนชั้น
3. วิทยาศาสตร์การแพทย์ และสุขภาพ
วิทยาศาสตร์การแพทย์ และสุขภาพ
WF26 ข171ก ฉ.2 
  Barcode: 008168
ห้องสมุดวิทยาเขตสวรรค์ประชารักษ์
►หนังสือทั่วไป
บนชั้น
4. วิทยาศาสตร์การแพทย์ และสุขภาพ
วิทยาศาสตร์การแพทย์ และสุขภาพ
WF26 ข171ก ฉ.3 
  Barcode: 008169
ห้องสมุดวิทยาเขตสวรรค์ประชารักษ์
►หนังสือทั่วไป
บนชั้น
5. วิทยาศาสตร์การแพทย์ และสุขภาพ
วิทยาศาสตร์การแพทย์ และสุขภาพ
WF26 ข171ก ฉ.4 
  Barcode: 008170
ห้องสมุดวิทยาเขตสวรรค์ประชารักษ์
►หนังสือทั่วไป
บนชั้น
6. วิทยาศาสตร์การแพทย์ และสุขภาพ
วิทยาศาสตร์การแพทย์ และสุขภาพ
WF26 ข171ก ฉ.5 
  Barcode: 008171
ห้องสมุดวิทยาเขตสวรรค์ประชารักษ์
►หนังสือทั่วไป
บนชั้น
7. วิทยาศาสตร์การแพทย์ และสุขภาพ
วิทยาศาสตร์การแพทย์ และสุขภาพ
WF26 ข171ก ฉ.6 
  Barcode: 008172
ห้องสมุดวิทยาเขตสวรรค์ประชารักษ์
►หนังสือทั่วไป
บนชั้น
8. วิทยาศาสตร์การแพทย์ และสุขภาพ
วิทยาศาสตร์การแพทย์ และสุขภาพ
WF26 ข171ก ฉ.7 
  Barcode: 008173
ห้องสมุดวิทยาเขตสวรรค์ประชารักษ์
►หนังสือทั่วไป
บนชั้น
9. วิทยาศาสตร์การแพทย์ และสุขภาพ
วิทยาศาสตร์การแพทย์ และสุขภาพ
WF26 ข171ก ฉ.8 
  Barcode: 008174
ห้องสมุดวิทยาเขตสวรรค์ประชารักษ์
►หนังสือทั่วไป
ถูกยืม กำหนดส่งวันที่ 30 มกราคม 2569
  จอง
10. วิทยาศาสตร์การแพทย์ และสุขภาพ
วิทยาศาสตร์การแพทย์ และสุขภาพ
WF26 ข171ก ฉ.9 
  Barcode: 008175
ห้องสมุดวิทยาเขตสวรรค์ประชารักษ์
►หนังสือทั่วไป
บนชั้น

รายการใกล้เคียง
    ผู้แต่ง [ขวัญฤทัย พันธุ]

    หัวเรื่อง [Airway Extubation]
    หัวเรื่อง [Intubation, Intratracheal]
    หัวเรื่อง [Oxygen Inhalation Therapy]
    หัวเรื่อง [Ventilators, Mechani]
    หัวเรื่อง [เครื่องช่วยหายใจ]
    หัวเรื่อง [ทางเดินหายใจ]

BibComment


ยังไม่เคยถูกคอมเมนท์

คอมเมนท์ทรัพยากรรายการนี้
  คอมเมนท์: การดูแลผู้ป่วยที..


 Copyright 2026. Bcnsprnw @Library